Reading graphic design history : (Record no. 12960)

000 -LEADER
fixed length control field 02501cam a2200277 i 4500
003 - CONTROL NUMBER IDENTIFIER
control field OSt
005 - DATE AND TIME OF LATEST TRANSACTION
control field 20240724132853.0
006 - FIXED-LENGTH DATA ELEMENTS--ADDITIONAL MATERIAL CHARACTERISTICS--GENERAL INFORMATION
fixed length control field m |o d |
008 - FIXED-LENGTH DATA ELEMENTS--GENERAL INFORMATION
fixed length control field 200420s2021 enk ob 001 0 eng
020 ## - INTERNATIONAL STANDARD BOOK NUMBER
Cancelled/invalid ISBN 9781474299411
Qualifying information (paperback)
042 ## - AUTHENTICATION CODE
Authentication code pcc
050 00 - LIBRARY OF CONGRESS CALL NUMBER
Classification number NC998
082 00 - DEWEY DECIMAL CLASSIFICATION NUMBER
Classification number 741.609
Edition number 23
100 1# - MAIN ENTRY--PERSONAL NAME
Personal name Raizman, David Seth,
Relator term author.
245 10 - TITLE STATEMENT
Title Reading graphic design history :
Remainder of title image, text and context /
Statement of responsibility, etc David Raizman.
300 ## - PHYSICAL DESCRIPTION
Extent 1 online resource
490 0# - SERIES STATEMENT
Series statement Cultural histories of design
504 ## - BIBLIOGRAPHY, ETC. NOTE
Bibliography, etc Includes bibliographical references and index.
505 0# - FORMATTED CONTENTS NOTE
Formatted contents note Josef Müller-Brockmann: “schutzt das Kind!” and the mythology of Swiss design -- Koloman Moser's Thirteenth Secession exhibition poster (1902): anatomy of a work of Viennese graphic design -- Cassandre and Dubonnet: art posters and publicité in interwar Paris -- Frank Zachary at "Holiday": travel, leisure, and art direction in post-World War II America -- Food, race, and the "New Advertising": the Levy's Jewish Rye Bread campaign 1963-1969 -- Graphic design and politics: Thomas Nast and the “Tammany Tiger loose” -- The politics of learning: Dr. John Fell and the Fell types at Oxford University in the later seventeenth century.
520 ## - SUMMARY, ETC.
Summary, etc "Reading Graphic Design History uses a series of key texts from the history of print culture to address issues of class, race and gender. It encourages the reader to look at print advertising, illustration, posters, magazine art direction and typography aesthetically but also critically. David Raizman's innovative approach intentionally challenges the canon of graphic design history and various traditional understandings of graphic design that have privileged certain schools or movements. He re-examines 'icons' of graphic design in light of their local contexts, avoiding generalisation to explore underlying attitudes about various social issues. He encourages new ways of reading graphic design that take into account a broader context for graphic design activity, rather than generalisations that discourage the understanding of difference and the means by which graphic design communicates cultural values"--
650 #0 - SUBJECT ADDED ENTRY--TOPICAL TERM
Topical term or geographic name as entry element Graphic arts
General subdivision Social aspects.
650 #0 - SUBJECT ADDED ENTRY--TOPICAL TERM
Topical term or geographic name as entry element Graphic arts
General subdivision Political aspects.
650 #0 - SUBJECT ADDED ENTRY--TOPICAL TERM
Topical term or geographic name as entry element Graphic arts
General subdivision History.
776 08 - ADDITIONAL PHYSICAL FORM ENTRY
Display text Print version:
Main entry heading Raizman, David Seth.
Title Reading graphic design history
Place, publisher, and date of publication London ; New York : Bloomsbury Visual Arts, 2020.
International Standard Book Number 9781474299411
Record control number (DLC) 2020011223
942 ## - ADDED ENTRY ELEMENTS (KOHA)
Source of classification or shelving scheme
Holdings
Withdrawn status Lost status Source of classification or shelving scheme Damaged status Koha normalized classification for sorting Not for loan Permanent location Current location Date acquired Source of acquisition Cost, normal purchase price Full call number Barcode Date last seen Cost, replacement price Price effective from Koha item type
        741_609000000000000   BMS College of Architecture, Design and Planning BMS College of Architecture, Design and Planning 2024-07-24 1 1898.40 741.609 AR-UG4216 2024-07-24 2531.20 2024-07-24 B.Design
Copyright © 2025, The Librarian, Library and Information Centre, BMSCA D&P, Bengaluru. All Rights Reserved
web counter

Powered by Koha